000 00400cam a2200157ua 4500
041 _amal
_h
082 _a894.8121
_bGOP/AA
100 _aGopala Pillai, K .
245 _aAattakathakal /
_cK Gopala Pillai.
_hTextual Documents
260 _aKollam :
_bSri Ramavilasam Press & Book Depot ,
_c1963.
300 _a807 ; .
504 _a
942 _cBK
999 _c3973
_d3973